[Event "XLIV Memoriał Szachowy Ludwika Zamenhofa 2025, Grupa B"]
[Site "Bialystok, Poland"]
[Date "2025.12.29"]
[Round "5.30"]
[White "Kaminska, Zuzanna"]
[Black "Gorniak, Mateusz"]
[Result "1/2-1/2"]
[TimeControl "90'+30\""]
[WhiteElo "1873"]
[BlackElo "1746"]

1. d4 {[%clk 01:30:55]} {[%emt 00:00:04]} Nf6 {[%clk 01:30:52]} {[%emt
00:00:08]} 2. Nf3 {[%clk 01:31:12]} {[%emt 00:00:13]} e6 {[%clk 01:31:13]}
{[%emt 00:00:09]} 3. Bf4 {[%clk 01:31:32]} {[%emt 00:00:10]} d5 {[%clk
01:31:22]} {[%emt 00:00:21]} 4. e3 {[%clk 01:31:44]} {[%emt 00:00:18]} c5
{[%clk 01:29:13]} {[%emt 00:02:38]} 5. Nbd2 {[%clk 01:29:35]} {[%emt 00:02:40]}
Nbd7 {[%clk 01:28:05]} {[%emt 00:01:39]} 6. h3 {[%clk 01:28:48]} {[%emt
00:01:16]} Qb6 {[%clk 01:27:10]} {[%emt 00:01:24]} 7. Rb1 {[%clk 01:27:54]}
{[%emt 00:01:25]} cxd4 {[%clk 01:27:05]} {[%emt 00:00:35]} 8. exd4 {[%clk
01:27:02]} {[%emt 00:01:22]} Bd6 {[%clk 01:25:00]} {[%emt 00:02:35]} 9. Be3
{[%clk 01:20:09]} {[%emt 00:07:22]} Qc7 {[%clk 01:24:35]} {[%emt 00:00:55]} 10.
Bd3 {[%clk 01:16:54]} {[%emt 00:03:45]} O-O {[%clk 01:24:25]} {[%emt 00:00:41]}
11. O-O {[%clk 01:16:46]} {[%emt 00:00:38]} Re8 {[%clk 01:21:20]} {[%emt
00:03:33]} 12. c3 {[%clk 01:15:10]} {[%emt 00:02:07]} e5 {[%clk 01:21:06]}
{[%emt 00:00:44]} 13. dxe5 {[%clk 01:14:15]} {[%emt 00:01:26]} Nxe5 {[%clk
01:21:25]} {[%emt 00:00:10]} 14. Nxe5 {[%clk 01:12:43]} {[%emt 00:02:03]} Bxe5
{[%clk 01:21:34]} {[%emt 00:00:21]} 15. Nf3 {[%clk 01:11:21]} {[%emt 00:01:51]}
Bf4 {[%clk 01:19:53]} {[%emt 00:02:12]} 16. Bxf4 {[%clk 01:07:07]} {[%emt
00:04:45]} Qxf4 {[%clk 01:20:10]} {[%emt 00:00:11]} 17. Qd2 {[%clk 01:05:40]}
{[%emt 00:01:58]} Qxd2 {[%clk 01:13:09]} {[%emt 00:07:30]} 18. Nxd2 {[%clk
01:06:02]} {[%emt 00:00:08]} Bd7 {[%clk 01:13:23]} {[%emt 00:00:16]} 19. Nf3
{[%clk 01:00:11]} {[%emt 00:06:21]} Nh5 {[%clk 01:10:52]} {[%emt 00:03:01]} 20.
Rfe1 {[%clk 00:56:05]} {[%emt 00:04:37]} Nf4 {[%clk 01:10:41]} {[%emt
00:00:40]} 21. Bf1 {[%clk 00:52:15]} {[%emt 00:04:19]} Kf8 {[%clk 01:08:15]}
{[%emt 00:02:57]} 22. Rbd1 {[%clk 00:49:24]} {[%emt 00:03:21]} Rad8 {[%clk
01:04:26]} {[%emt 00:04:20]} 23. Nd4 {[%clk 00:42:51]} {[%emt 00:07:02]} a6
{[%clk 01:04:10]} {[%emt 00:00:47]} 24. Ne2 {[%clk 00:41:33]} {[%emt 00:01:47]}
Nxe2+ {[%clk 01:00:38]} {[%emt 00:04:02]} 25. Rxe2 {[%clk 00:38:52]} {[%emt
00:03:12]} Rxe2 {[%clk 00:58:43]} {[%emt 00:02:24]} 26. Bxe2 {[%clk 00:39:16]}
{[%emt 00:00:07]} Bc6 {[%clk 00:58:40]} {[%emt 00:00:33]} 27. f3 {[%clk
00:35:04]} {[%emt 00:04:42]} Ke7 {[%clk 00:58:41]} {[%emt 00:00:29]} 28. Kf2
{[%clk 00:34:55]} {[%emt 00:00:39]} Rd6 {[%clk 00:54:04]} {[%emt 00:05:06]} 29.
Rd4 {[%clk 00:33:55]} {[%emt 00:01:30]} g6 {[%clk 00:51:26]} {[%emt 00:03:08]}
30. f4 {[%clk 00:33:16]} {[%emt 00:01:11]} h5 {[%clk 00:50:10]} {[%emt
00:01:44]} 31. g4 {[%clk 00:30:42]} {[%emt 00:03:05]} hxg4 {[%clk 00:50:18]}
{[%emt 00:00:22]} 32. hxg4 {[%clk 00:30:36]} {[%emt 00:00:36]} Rd8 {[%clk
00:47:15]} {[%emt 00:03:32]} 33. Bf3 {[%clk 00:29:18]} {[%emt 00:01:48]} Rh8
{[%clk 00:46:41]} {[%emt 00:01:05]} 34. Kg2 {[%clk 00:27:19]} {[%emt 00:02:28]}
Ke6 {[%clk 00:41:42]} {[%emt 00:05:30]} 35. Rd1 {[%clk 00:26:19]} {[%emt
00:01:29]} f6 {[%clk 00:39:56]} {[%emt 00:02:17]} 36. Rd4 {[%clk 00:24:16]}
{[%emt 00:02:33]} Rh7 {[%clk 00:37:23]} {[%emt 00:03:03]} 37. Bd1 {[%clk
00:23:15]} {[%emt 00:01:31]} g5 {[%clk 00:34:23]} {[%emt 00:03:30]} 38. f5+
{[%clk 00:20:06]} {[%emt 00:03:39]} Kd6 {[%clk 00:34:40]} {[%emt 00:00:13]} 39.
Bf3 {[%clk 00:20:01]} {[%emt 00:00:35]} Re7 {[%clk 00:34:46]} {[%emt 00:00:23]}
40. Rd1 {[%clk 00:19:24]} {[%emt 00:01:08]} Kc5 {[%clk 00:34:09]} {[%emt
00:01:06]} 41. Kf2 {[%clk 00:17:08]} {[%emt 00:02:47]} Rh7 {[%clk 00:31:43]}
{[%emt 00:02:55]} 42. Bg2 {[%clk 00:16:55]} {[%emt 00:00:46]} Re7 {[%clk
00:30:53]} {[%emt 00:01:18]} 43. Rd4 {[%clk 00:16:43]} {[%emt 00:00:42]} a5
{[%clk 00:30:25]} {[%emt 00:00:58]} 44. b3 {[%clk 00:15:51]} {[%emt 00:01:22]}
Kd6 {[%clk 00:26:30]} {[%emt 00:04:25]} 45. Rd3 {[%clk 00:14:01]} {[%emt
00:02:19]} Re5 {[%clk 00:22:41]} {[%emt 00:04:19]} 46. a3 {[%clk 00:11:40]}
{[%emt 00:02:53]} Kc5 {[%clk 00:20:14]} {[%emt 00:02:56]} 47. Rd4 {[%clk
00:10:55]} {[%emt 00:01:14]} Bb5 {[%clk 00:16:56]} {[%emt 00:03:48]} 48. Bf3
{[%clk 00:09:46]} {[%emt 00:01:39]} b6 {[%clk 00:15:45]} {[%emt 00:01:41]} 49.
b4+ {[%clk 00:08:04]} {[%emt 00:02:13]} axb4 {[%clk 00:15:49]} {[%emt
00:00:26]} 50. axb4+ {[%clk 00:08:28]} {[%emt 00:00:06]} Kd6 {[%clk 00:15:52]}
{[%emt 00:00:26]} 51. Rd1 {[%clk 00:08:11]} {[%emt 00:00:46]} Bc4 {[%clk
00:15:24]} {[%emt 00:00:59]} 52. Ra1 {[%clk 00:08:07]} {[%emt 00:00:34]} Re7
{[%clk 00:14:50]} {[%emt 00:01:05]} 53. Ra8 {[%clk 00:08:12]} {[%emt 00:00:24]}
Ke5 {[%clk 00:08:54]} {[%emt 00:06:27]} 54. Ke3 {[%clk 00:06:44]} {[%emt
00:01:58]} Bf1 {[%clk 00:04:45]} {[%emt 00:04:39]} 55. Rf8 {[%clk 00:04:46]}
{[%emt 00:02:28]} Bb5 {[%clk 00:04:51]} {[%emt 00:00:23]} 56. Rb8 {[%clk
00:04:50]} {[%emt 00:00:26]} Rc7 {[%clk 00:05:06]} {[%emt 00:00:16]} 57. Kd2
{[%clk 00:04:17]} {[%emt 00:01:03]} Rc6 {[%clk 00:04:43]} {[%emt 00:00:53]} 58.
Re8+ {[%clk 00:03:25]} {[%emt 00:01:21]} Kf4 {[%clk 00:03:38]} {[%emt
00:01:36]} 59. Bxd5 {[%clk 00:03:32]} {[%emt 00:00:23]} Rd6 {[%clk 00:03:31]}
{[%emt 00:00:36]} 60. Re4+ {[%clk 00:03:55]} {[%emt 00:00:07]} Kg3 {[%clk
00:03:07]} {[%emt 00:00:55]} 61. Rd4 {[%clk 00:04:18]} {[%emt 00:00:07]} Rd8
{[%clk 00:03:23]} {[%emt 00:00:12]} 62. Ke3 {[%clk 00:04:08]} {[%emt 00:00:42]}
Re8+ {[%clk 00:03:32]} {[%emt 00:00:20]} 63. Be6 {[%clk 00:04:06]} {[%emt
00:00:33]} Bc6 {[%clk 00:03:30]} {[%emt 00:00:32]} 64. Kd3 {[%clk 00:02:46]}
{[%emt 00:01:50]} Bf3 {[%clk 00:03:40]} {[%emt 00:00:18]} 65. Bf7 {[%clk
00:02:30]} {[%emt 00:00:48]} Re1 {[%clk 00:03:43]} {[%emt 00:00:26]} 66. Bh5
{[%clk 00:02:17]} {[%emt 00:00:44]} b5 {[%clk 00:03:51]} {[%emt 00:00:21]} 67.
Kd2 {[%clk 00:01:39]} {[%emt 00:01:09]} Rd1+ {[%clk 00:03:15]} {[%emt
00:01:05]} 68. Ke3 {[%clk 00:01:56]} {[%emt 00:00:13]} Re1+ {[%clk 00:03:36]}
{[%emt 00:00:08]} 69. Kd3 {[%clk 00:01:37]} {[%emt 00:00:50]} Rd1+ {[%clk
00:03:50]} {[%emt 00:00:16]} 70. Ke3 {[%clk 00:01:11]} {[%emt 00:00:58]} Re1+
{[%clk 00:04:11]} {[%emt 00:00:07]} 71. Kd2 {[%clk 00:01:40]} {[%emt 00:00:02]}
Rd1+ {[%clk 00:04:29]} {[%emt 00:00:11]} 72. Ke3 {[%clk 00:00:56]} {[%emt
00:01:15]} Re1+ {[%clk 00:04:51]} {[%emt 00:00:07]} 73. Kd3 {[%clk 00:00:56]}
{[%emt 00:00:32]} Rd1+ {[%clk 00:05:09]} {[%emt 00:00:10]} 74. Ke3 {[%clk
00:00:46]} {[%emt 00:00:41]} Re1+ {[%clk 00:05:31]} {[%emt 00:00:07]} 1/2-1/2

[Event "XLIV Memoriał Szachowy Ludwika Zamenhofa 2025, Grupa B"]
[Site "Bialystok, Poland"]
[Date "2025.12.29"]
[Round "6.1"]
[White "Endeladze, Ramaz"]
[Black "Jarzebowski, Kacper"]
[Result "1/2-1/2"]
[TimeControl "90'+30\""]
[WhiteElo "2133"]
[BlackElo "2078"]

1. Nf3 {[%clk 01:30:57]} {[%emt 00:00:03]} g6 {[%clk 01:30:49]} {[%emt
00:00:11]} 2. d4 {[%clk 01:31:19]} {[%emt 00:00:09]} Bg7 {[%clk 01:31:13]}
{[%emt 00:00:05]} 3. c4 {[%clk 01:31:46]} {[%emt 00:00:04]} Nf6 {[%clk
01:31:34]} {[%emt 00:00:09]} 4. Nc3 {[%clk 01:32:15]} {[%emt 00:00:01]} O-O
{[%clk 01:31:53]} {[%emt 00:00:10]} 5. g3 {[%clk 01:32:43]} {[%emt 00:00:02]}
d6 {[%clk 01:32:19]} {[%emt 00:00:05]} 6. Bg2 {[%clk 01:33:11]} {[%emt
00:00:02]} c6 {[%clk 01:32:30]} {[%emt 00:00:20]} 7. O-O {[%clk 01:33:36]}
{[%emt 00:00:04]} Bf5 {[%clk 01:32:57]} {[%emt 00:00:03]} 8. Nh4 {[%clk
01:33:50]} {[%emt 00:00:16]} Be6 {[%clk 01:33:18]} {[%emt 00:00:08]} 9. b3
{[%clk 01:34:11]} {[%emt 00:00:10]} d5 {[%clk 01:33:39]} {[%emt 00:00:08]} 10.
cxd5 {[%clk 01:34:03]} {[%emt 00:00:38]} cxd5 {[%clk 01:34:04]} {[%emt
00:00:05]} 11. Nf3 {[%clk 01:22:39]} {[%emt 00:11:54]} Nc6 {[%clk 01:34:27]}
{[%emt 00:00:07]} 12. Bb2 {[%clk 01:22:58]} {[%emt 00:00:11]} Rc8 {[%clk
01:31:25]} {[%emt 00:03:33]} 13. Rc1 {[%clk 01:23:12]} {[%emt 00:00:16]} Qd6
{[%clk 01:11:01]} {[%emt 00:20:52]} 14. e3 {[%clk 01:17:15]} {[%emt 00:06:29]}
h6 {[%clk 01:08:37]} {[%emt 00:02:54]} 15. Qe2 {[%clk 01:16:46]} {[%emt
00:00:58]} Bf5 {[%clk 01:08:21]} {[%emt 00:00:46]} 16. Ne5 {[%clk 01:16:53]}
{[%emt 00:00:24]} Ne4 {[%clk 00:44:12]} {[%emt 00:24:38]} 17. Nxe4 {[%clk
01:06:48]} {[%emt 00:10:35]} Bxe4 {[%clk 00:42:41]} {[%emt 00:02:02]} 18. Bxe4
{[%clk 01:06:31]} {[%emt 00:00:47]} dxe4 {[%clk 00:43:05]} {[%emt 00:00:06]} 19.
Nxc6 {[%clk 01:06:50]} {[%emt 00:00:12]} Rxc6 {[%clk 00:42:49]} {[%emt
00:00:45]} 20. Rxc6 {[%clk 01:07:08]} {[%emt 00:00:13]} Qxc6 {[%clk 00:34:26]}
{[%emt 00:08:53]} 21. Rc1 {[%clk 01:07:36]} {[%emt 00:00:01]} Qd7 {[%clk
00:33:48]} {[%emt 00:01:08]} 22. Qc2 {[%clk 01:07:12]} {[%emt 00:00:55]} f5
{[%clk 00:34:02]} {[%emt 00:00:15]} 23. Ba3 {[%clk 01:06:39]} {[%emt 00:01:04]}
Rd8 {[%emt 00:02:27]} 24. Qc7 {[%clk 01:06:15]} Kf7 {[%clk 00:27:50]} {[%emt
00:05:38]} 1/2-1/2

[Event "XLIV Memoriał Szachowy Ludwika Zamenhofa 2025, Grupa B"]
[Site "Bialystok, Poland"]
[Date "2025.12.29"]
[Round "6.2"]
[White "Kasperek, Ryszard"]
[Black "Medvedyk, Volodymyr"]
[Result "1-0"]
[TimeControl "90'+30\""]
[WhiteElo "2088"]
[BlackElo "2138"]

1. e4 {[%clk 01:30:56]} {[%emt 00:00:03]} c5 {[%clk 01:30:55]} {[%emt
00:00:07]} 2. Nf3 {[%clk 01:31:15]} {[%emt 00:00:11]} Nf6 {[%clk 01:31:11]}
{[%emt 00:00:14]} 3. e5 {[%clk 01:29:59]} {[%emt 00:01:46]} Nd5 {[%clk
01:31:39]} {[%emt 00:00:02]} 4. Nc3 {[%clk 01:29:49]} {[%emt 00:00:40]} e6
{[%clk 01:31:50]} {[%emt 00:00:19]} 5. Nxd5 {[%clk 01:29:17]} {[%emt 00:01:01]}
exd5 {[%clk 01:32:18]} {[%emt 00:00:02]} 6. d4 {[%clk 01:29:12]} {[%emt
00:00:35]} Nc6 {[%clk 01:32:37]} {[%emt 00:00:12]} 7. dxc5 {[%clk 01:26:40]}
{[%emt 00:03:02]} Bxc5 {[%clk 01:33:05]} {[%emt 00:00:02]} 8. Qxd5 {[%clk
01:26:33]} {[%emt 00:00:37]} Qb6 {[%clk 01:33:31]} {[%emt 00:00:04]} 9. Bc4
{[%clk 01:26:39]} {[%emt 00:00:23]} Bxf2+ {[%clk 01:33:48]} {[%emt 00:00:13]}
10. Ke2 {[%clk 01:26:40]} {[%emt 00:00:29]} O-O {[%clk 01:34:02]} {[%emt
00:00:17]} 11. Rf1 {[%clk 01:26:08]} {[%emt 00:01:01]} Bc5 {[%clk 01:34:24]}
{[%emt 00:00:09]} 12. Ng5 {[%clk 01:26:06]} {[%emt 00:00:32]} Nxe5 {[%clk
01:33:36]} {[%emt 00:01:18]} 13. Nxf7 {[%clk 01:10:37]} {[%emt 00:15:58]} Nxf7
{[%clk 01:33:46]} {[%emt 00:00:20]} 14. Rxf7 {[%clk 01:11:02]} {[%emt
00:00:05]} Qe6+ {[%clk 01:34:07]} {[%emt 00:00:10]} 15. Qxe6 {[%clk 01:11:28]}
{[%emt 00:00:04]} dxe6 {[%clk 01:34:35]} {[%emt 00:00:02]} 16. Rxf8+ {[%clk
01:11:51]} {[%emt 00:00:07]} Kxf8 {[%clk 01:34:37]} {[%emt 00:00:28]} 17. Bg5
{[%clk 01:11:58]} {[%emt 00:00:23]} Bd7 {[%clk 01:34:49]} {[%emt 00:00:18]} 18.
Rf1+ {[%clk 01:11:40]} {[%emt 00:00:48]} Ke8 {[%clk 01:35:18]} {[%emt
00:00:01]} 19. Bd3 {[%clk 01:10:39]} {[%emt 00:01:31]} Be7 {[%clk 01:35:23]}
{[%emt 00:00:24]} 20. Be3 {[%clk 01:02:59]} {[%emt 00:08:10]} g6 {[%clk
01:33:35]} {[%emt 00:02:18]} 21. h4 {[%clk 01:03:01]} {[%emt 00:00:29]} Rc8
{[%clk 00:47:05]} {[%emt 00:47:00]} 22. h5 {[%clk 00:49:14]} {[%emt 00:14:17]}
gxh5 {[%clk 00:46:01]} {[%emt 00:01:33]} 23. Kd2 {[%clk 00:48:59]} {[%emt
00:00:45]} h4 {[%clk 00:34:35]} {[%emt 00:11:56]} 24. Bxa7 {[%clk 00:31:50]}
{[%emt 00:17:39]} Bc6 {[%clk 00:30:10]} {[%emt 00:04:55]} 25. Rf2 {[%clk
00:23:10]} {[%emt 00:09:10]} Ra8 {[%clk 00:17:43]} {[%emt 00:12:57]} 26. Bd4
{[%clk 00:19:29]} {[%emt 00:04:11]} Ra4 {[%clk 00:17:37]} {[%emt 00:00:35]} 27.
c4 {[%clk 00:18:05]} {[%emt 00:01:54]} Ra5 {[%clk 00:03:01]} {[%emt 00:15:07]}
28. a3 {[%clk 00:08:50]} {[%emt 00:09:46]} Rg5 {[%clk 00:03:12]} {[%emt
00:00:18]} 29. Bf1 {[%clk 00:09:15]} {[%emt 00:00:05]} Rg3 {[%clk 00:01:59]}
{[%emt 00:01:43]} 30. Re2 {[%clk 00:06:28]} {[%emt 00:03:18]} Bg5+ {[%clk
00:00:40]} {[%emt 00:01:49]} 31. Kc2 {[%clk 00:05:13]} {[%emt 00:01:45]} Ba4+
{[%clk 00:00:33]} {[%emt 00:00:37]} 32. Kb1 {[%clk 00:04:58]} {[%emt 00:00:44]}
Kd7 {[%clk 00:00:33]} {[%emt 00:00:30]} 33. Bc3 {[%clk 00:03:16]} {[%emt
00:02:12]} Bb3 {[%clk 00:00:32]} {[%emt 00:00:31]} 34. Re5 {[%clk 00:02:52]}
{[%emt 00:00:53]} h3 {[%clk 00:00:31]} {[%emt 00:00:32]} 35. gxh3 {[%clk
00:02:11]} {[%emt 00:01:11]} Bh4 {[%clk 00:00:31]} {[%emt 00:00:29]} 36. Rb5
{[%clk 00:02:02]} {[%emt 00:00:39]} Rg1 {[%clk 00:00:31]} {[%emt 00:00:30]} 37.
Rxb7+ {[%clk 00:02:11]} {[%emt 00:00:21]} Kc6 {[%clk 00:00:41]} {[%emt
00:00:20]} 38. Rxb3 {[%clk 00:02:37]} {[%emt 00:00:05]} Rxf1+ {[%clk 00:01:06]}
{[%emt 00:00:04]} 39. Ka2 {[%clk 00:02:59]} {[%emt 00:00:08]} Bg5 {[%clk
00:00:31]} {[%emt 00:01:06]} 40. Bd4 {[%clk 00:02:56]} {[%emt 00:00:33]} Re1
{[%clk 00:00:00]} {[%emt 00:00:31]} 1-0

[Event "XLIV Memoriał Szachowy Ludwika Zamenhofa 2025, Grupa B"]
[Site "Bialystok, Poland"]
[Date "2025.12.29"]
[Round "6.3"]
[White "Budzisz, Adrian"]
[Black "Kozlowski, Pawel"]
[Result "1/2-1/2"]
[TimeControl "90'+30\""]
[WhiteElo "2065"]
[BlackElo "2036"]

1. e4 {[%clk 01:28:22]} {[%emt 00:02:38]} e6 {[%clk 01:28:00]} {[%emt
00:02:52]} 2. d4 {[%clk 01:28:49]} {[%emt 00:00:12]} d5 {[%clk 01:28:23]}
{[%emt 00:00:07]} 3. exd5 {[%clk 01:29:16]} {[%emt 00:00:03]} exd5 {[%clk
01:28:48]} {[%emt 00:00:05]} 4. Bd3 {[%clk 01:29:40]} {[%emt 00:00:06]} Bd6
{[%clk 01:28:45]} {[%emt 00:00:33]} 5. c3 {[%clk 01:29:43]} {[%emt 00:00:27]}
Ne7 {[%clk 01:28:50]} {[%emt 00:00:25]} 6. Ne2 {[%clk 01:29:30]} {[%emt
00:00:38]} c6 {[%clk 01:29:00]} {[%emt 00:00:23]} 7. Bf4 {[%clk 01:29:30]}
{[%emt 00:00:28]} Bf5 {[%clk 01:28:30]} {[%emt 00:01:00]} 8. Bxd6 {[%clk
01:29:00]} {[%emt 00:01:03]} Qxd6 {[%clk 01:28:50]} {[%emt 00:00:10]} 9. O-O
{[%clk 01:29:00]} {[%emt 00:00:30]} O-O {[%clk 01:29:00]} {[%emt 00:00:19]} 10.
Ng3 {[%clk 01:29:00]} {[%emt 00:00:29]} Bxd3 {[%clk 01:29:00]} {[%emt
00:00:31]} 11. Qxd3 {[%clk 01:29:24]} {[%emt 00:00:07]} Nd7 {[%clk 01:29:00]}
{[%emt 00:00:30]} 12. Nd2 {[%clk 01:29:46]} {[%emt 00:00:08]} Nf6 {[%clk
01:28:52]} {[%emt 00:00:38]} 13. Nf3 {[%clk 01:30:00]} {[%emt 00:00:17]} Ng6
{[%clk 01:29:00]} {[%emt 00:00:21]} 14. Qf5 {[%clk 01:30:00]} {[%emt 00:00:29]}
Ne7 {[%clk 01:29:00]} {[%emt 00:00:32]} 15. Qd3 {[%clk 01:30:00]} {[%emt
00:00:28]} 1/2-1/2

[Event "XLIV Memoriał Szachowy Ludwika Zamenhofa 2025, Grupa B"]
[Site "Bialystok, Poland"]
[Date "2025.12.29"]
[Round "6.4"]
[White "Szuminski, Jakub"]
[Black "Reshetniak, Vitaliy"]
[Result "0-1"]
[TimeControl "90'+30\""]
[WhiteElo "1962"]
[BlackElo "2048"]

1. e4 {[%clk 01:27:27]} {[%emt 00:03:33]} c5 {[%clk 01:30:52]} {[%emt
00:00:08]} 2. Nf3 {[%clk 01:27:53]} {[%emt 00:00:05]} e6 {[%clk 01:31:15]}
{[%emt 00:00:08]} 3. d4 {[%clk 01:28:18]} {[%emt 00:00:03]} cxd4 {[%clk
01:31:39]} {[%emt 00:00:07]} 4. Nxd4 {[%clk 01:28:43]} {[%emt 00:00:05]} a6
{[%clk 01:32:04]} {[%emt 00:00:05]} 5. Bd3 {[%clk 01:29:08]} {[%emt 00:00:05]}
g6 {[%clk 01:32:21]} {[%emt 00:00:13]} 6. Be3 {[%clk 01:27:58]} {[%emt
00:01:40]} Bg7 {[%clk 01:32:30]} {[%emt 00:00:21]} 7. c3 {[%clk 01:27:37]}
{[%emt 00:00:51]} Nf6 {[%clk 01:28:58]} {[%emt 00:04:02]} 8. Nd2 {[%clk
01:26:27]} {[%emt 00:01:39]} O-O {[%clk 01:26:16]} {[%emt 00:03:13]} 9. O-O
{[%clk 01:25:30]} {[%emt 00:01:27]} d6 {[%clk 01:19:20]} {[%emt 00:07:26]} 10.
f3 {[%clk 01:23:54]} {[%emt 00:02:05]} Qc7 {[%clk 01:14:44]} {[%emt 00:05:06]}
11. Qe2 {[%clk 01:21:37]} {[%emt 00:02:47]} Nbd7 {[%clk 01:10:07]} {[%emt
00:05:07]} 12. N4b3 {[%clk 01:19:07]} {[%emt 00:03:00]} d5 {[%clk 01:03:48]}
{[%emt 00:06:49]} 13. Bd4 {[%clk 01:14:19]} {[%emt 00:05:18]} e5 {[%clk
00:57:40]} {[%emt 00:06:39]} 14. Be3 {[%clk 01:14:25]} {[%emt 00:00:23]} b6
{[%clk 00:56:24]} {[%emt 00:01:47]} 15. Rad1 {[%clk 01:12:48]} {[%emt
00:02:07]} Bb7 {[%clk 00:55:55]} {[%emt 00:00:59]} 16. exd5 {[%clk 01:09:56]}
{[%emt 00:03:21]} Nxd5 {[%clk 00:56:13]} {[%emt 00:00:13]} 17. Be4 {[%clk
01:09:37]} {[%emt 00:00:49]} N7f6 {[%clk 00:55:44]} {[%emt 00:00:59]} 18. Qf2
{[%clk 01:08:01]} {[%emt 00:02:06]} Nxe3 {[%clk 00:54:52]} {[%emt 00:01:21]} 19.
Qxe3 {[%clk 01:08:19]} {[%emt 00:00:12]} Nxe4 {[%clk 00:55:11]} {[%emt
00:00:12]} 20. fxe4 {[%clk 01:08:24]} {[%emt 00:00:25]} Qc6 {[%clk 00:49:20]}
{[%emt 00:06:20]} 21. Qg3 {[%clk 01:06:05]} {[%emt 00:02:49]} Rad8 {[%clk
00:46:31]} {[%emt 00:03:20]} 22. Rde1 {[%clk 01:02:12]} {[%emt 00:04:23]} Qe6
{[%clk 00:39:11]} {[%emt 00:07:50]} 23. Nf3 {[%clk 01:01:07]} {[%emt 00:01:35]}
h6 {[%clk 00:38:51]} {[%emt 00:00:49]} 24. h4 {[%clk 00:59:07]} {[%emt
00:02:31]} h5 {[%clk 00:32:00]} {[%emt 00:07:20]} 25. Rf2 {[%clk 00:55:29]}
{[%emt 00:04:08]} Qg4 {[%clk 00:29:14]} {[%emt 00:03:17]} 26. Qh2 {[%clk
00:53:58]} {[%emt 00:02:00]} f6 {[%clk 00:29:12]} {[%emt 00:00:32]} 27. Nbd2
{[%clk 00:51:14]} {[%emt 00:03:15]} Bh6 {[%clk 00:29:14]} {[%emt 00:00:28]} 28.
g3 {[%clk 00:51:25]} {[%emt 00:00:19]} Rd3 {[%clk 00:29:34]} {[%emt 00:00:10]}
29. Kg2 {[%clk 00:49:25]} {[%emt 00:02:29]} Rfd8 {[%clk 00:29:48]} {[%emt
00:00:17]} 30. Ree2 {[%clk 00:48:23]} {[%emt 00:01:32]} Be3 {[%clk 00:30:04]}
{[%emt 00:00:13]} 31. Qh1 {[%clk 00:48:05]} {[%emt 00:00:49]} Bxd2 {[%clk
00:28:19]} {[%emt 00:02:15]} 32. Nxd2 {[%clk 00:47:18]} {[%emt 00:01:16]} Rxd2
{[%clk 00:28:36]} {[%emt 00:00:14]} 33. Rxd2 {[%clk 00:47:43]} {[%emt
00:00:04]} Rxd2 {[%clk 00:28:59]} {[%emt 00:00:08]} 34. Rxd2 {[%clk 00:48:07]}
{[%emt 00:00:06]} Qxe4+ {[%clk 00:29:24]} {[%emt 00:00:04]} 35. Kh2 {[%clk
00:48:32]} {[%emt 00:00:05]} Qxh1# {[%clk 00:29:48]} {[%emt 00:00:07]} 0-1

[Event "XLIV Memoriał Szachowy Ludwika Zamenhofa 2025, Grupa B"]
[Site "Bialystok, Poland"]
[Date "2025.12.29"]
[Round "6.5"]
[White "Sawicki, Dorian"]
[Black "Daniel, Damian"]
[Result "1/2-1/2"]
[TimeControl "90'+30\""]
[WhiteElo "1992"]
[BlackElo "2150"]

1. d4 {[%clk 01:30:59]} Nf6 {[%clk 01:30:18]} {[%emt 00:00:38]} 2. c4 {[%clk
01:31:25]} {[%emt 00:00:08]} e6 {[%clk 01:30:21]} {[%emt 00:00:27]} 3. Nf3
{[%clk 01:31:50]} {[%emt 00:00:06]} b6 {[%clk 01:29:43]} {[%emt 00:01:07]} 4.
g3 {[%clk 01:32:10]} {[%emt 00:00:10]} Ba6 {[%clk 01:29:55]} {[%emt 00:00:18]}
5. Nbd2 {[%clk 01:32:36]} {[%emt 00:00:04]} Bb7 {[%clk 01:29:31]} {[%emt
00:00:55]} 6. Bg2 {[%clk 01:32:54]} {[%emt 00:00:11]} c5 {[%clk 01:28:33]}
{[%emt 00:01:29]} 7. e4 {[%clk 01:31:37]} {[%emt 00:01:47]} d6 {[%clk
01:10:02]} {[%emt 00:19:01]} 8. Qe2 {[%clk 01:20:58]} {[%emt 00:11:09]} cxd4
{[%clk 01:08:37]} {[%emt 00:01:55]} 9. Nxd4 {[%clk 01:21:14]} {[%emt 00:00:13]}
Nc6 {[%clk 01:05:25]} {[%emt 00:03:43]} 10. Nxc6 {[%clk 01:09:51]} {[%emt
00:11:52]} Bxc6 {[%clk 01:05:48]} {[%emt 00:00:08]} 11. b3 {[%clk 01:10:13]}
{[%emt 00:00:08]} Be7 {[%clk 01:02:19]} {[%emt 00:03:59]} 12. Bb2 {[%clk
01:07:39]} {[%emt 00:03:03]} O-O {[%clk 00:59:15]} {[%emt 00:03:34]} 13. Rd1
{[%clk 01:05:45]} {[%emt 00:02:24]} Qc7 {[%clk 00:54:46]} {[%emt 00:05:00]} 14.
O-O {[%clk 00:58:49]} {[%emt 00:07:26]} a5 {[%clk 00:35:57]} {[%emt 00:19:18]}
15. Rfe1 {[%clk 00:43:05]} {[%emt 00:16:14]} Nd7 {[%clk 00:33:56]} {[%emt
00:02:31]} 16. Nf3 {[%clk 00:41:34]} {[%emt 00:02:01]} e5 {[%clk 00:31:56]}
{[%emt 00:02:30]} 17. Nd2 {[%clk 00:37:15]} {[%emt 00:04:49]} Qb7 {[%clk
00:31:22]} {[%emt 00:01:05]} 18. Nb1 {[%clk 00:33:06]} {[%emt 00:04:38]} b5
{[%clk 00:29:56]} {[%emt 00:01:56]} 19. Nc3 {[%clk 00:25:37]} {[%emt 00:08:04]}
bxc4 {[%clk 00:26:13]} {[%emt 00:04:09]} 20. bxc4 {[%clk 00:26:01]} {[%emt
00:00:06]} Rfb8 {[%clk 00:22:41]} {[%emt 00:04:02]} 21. Ba3 {[%clk 00:25:43]}
{[%emt 00:00:48]} Nc5 {[%clk 00:22:26]} {[%emt 00:00:45]} 22. Bxc5 {[%clk
00:21:14]} {[%emt 00:04:59]} dxc5 {[%clk 00:22:51]} {[%emt 00:00:05]} 23. Rb1
{[%clk 00:21:19]} {[%emt 00:00:25]} Qd7 {[%clk 00:20:49]} {[%emt 00:02:31]} 24.
Nd5 {[%clk 00:19:10]} {[%emt 00:02:40]} Bd8 {[%clk 00:20:58]} {[%emt 00:00:22]}
25. Qe3 {[%clk 00:17:14]} {[%emt 00:02:25]} Qd6 {[%clk 00:20:24]} {[%emt
00:01:04]} 26. Bf3 {[%clk 00:14:29]} {[%emt 00:03:15]} 1/2-1/2